00773nam a2200193 i 450000100060000000300090000600500170001500700030003200800410003524501260007626000680020230000200027065000400029070000430033070000420037385200240041599900170043995201230045624584ES-MaACL20250905133544.0t|021218s1954 sp ||||1| spa d00aAntología general de la literatura española : bverso, prosa, teatro / cpor Ángel del Río y Amelia A. del Río. aMadrid : bRevista de Occidente, c1954 (fVda. de Galo Sáez) a2 v. ; c25 cm.07aLiteratura española2embne9145391 aRío, Ángel del, d1900-19629972971 aAgostini de del Río, Amelia.918577 aES-MaACLjC-8103-04 c24584d24584 00104070aATENEOMbATENEOMcSPALd2008-01-17eSCl0oC-8103-04p1025347r2023-02-23 00:00:00w2023-02-23yMONOGRAFIA